Data structures using C and C++ (Record no. 570)
[ view plain ]
| 000 -LEADER | |
|---|---|
| fixed length control field | 00406nam a2200157Ia 4500 |
| 008 - FIXED-LENGTH DATA ELEMENTS--GENERAL INFORMATION | |
| fixed length control field | 230711s9999||||xx |||||||||||||| ||und|| |
| 041 ## - LANGUAGE CODE | |
| Language code of text/sound track or separate title | ENG |
| 082 ## - DEWEY DECIMAL CLASSIFICATION NUMBER | |
| Classification number | 4 |
| Item number | LA-D |
| 100 ## - MAIN ENTRY--PERSONAL NAME | |
| Personal name | Langsam,Yedidyah |
| 245 #0 - TITLE STATEMENT | |
| Title | Data structures using C and C++ |
| 250 ## - EDITION STATEMENT | |
| Edition statement | 2nd Ed. |
| 260 ## - PUBLICATION, DISTRIBUTION, ETC. | |
| Date of publication, distribution, etc. | 2001 |
| Place of publication, distribution, etc. | New York |
| Name of publisher, distributor, etc. | PHI Learning Private Limited |
| 650 ## - SUBJECT ADDED ENTRY--TOPICAL TERM | |
| Topical term or geographic name entry element | Computer Engineering |
| 700 ## - ADDED ENTRY--PERSONAL NAME | |
| Personal name | Augenstein,Moshe J. |
| 942 ## - ADDED ENTRY ELEMENTS (KOHA) | |
| Koha item type | Book |
| Withdrawn status | Lost status | Damaged status | Not for loan | Collection | Home library | Current library | Date acquired | Total checkouts | Full call number | Barcode | Date last seen | Date last checked out | Price effective from | Koha item type |
|---|---|---|---|---|---|---|---|---|---|---|---|---|---|---|
| MRSPTU Central Library | MRSPTU Central Library | 3 | 4 LA-D | 2807 | 01/03/2025 | 12/26/2024 | 08/17/2023 | Book | ||||||
| MRSPTU Central Library | MRSPTU Central Library | 4 LA-D | 13131 | 08/17/2023 | 08/17/2023 | Book | ||||||||
| MRSPTU Central Library | MRSPTU Central Library | 4 LA-D | 13132 | 08/17/2023 | 08/17/2023 | Book |
